Diplomatic training : histories, geographies, politics

Examining the histories, development and contemporary practices of diplomatic training, this edited collection places training centrally within our understanding of international relations. It offers a globe-spanning, interdisciplinary account of the politics of diplomatic training and appeals to bo...

Ausführliche Beschreibung

Bibliographische Detailangaben
Weitere Verfasser: Craggs, Ruth 1982- (HerausgeberIn), Harris, Jonathan (HerausgeberIn), McConnell, Fiona (HerausgeberIn)
Format: E-Book
Sprache:English
Veröffentlicht: Manchester : Manchester University Press, 2026
Mit dem übergeordneten Werk verknüpfte Titel:Key studies in diplomacy
Schlagworte:Diplomacy International relations Diplomatie - Étude et enseignement - Histoire Relations internationales - Étude et enseignement - Histoire Diplomatie - Étude et enseignement - Aspect politique Relations internationales - Étude et enseignement - Aspect politique Diplomacy - Study and teaching International relations - Study and teaching - History International relations - Study and teaching
Umfang:1 Online-Ressource (280 pages)
LEADER 01000nam a2200265 c 4500
001 1965081908
003 DE-627
005 20260312120948.0
007 cr uuu---uuuuu
008 260312s2026 xxk|||||o 00| ||eng c
020 |a 9781526188755  |q electronic bk.  |9 978-1-5261-8875-5 
020 |a 1526188759  |q electronic bk.  |9 1-5261-8875-9 
020 |a 9781526188779  |q electronic bk.  |9 978-1-5261-8877-9 
020 |a 1526188775  |q electronic bk.  |9 1-5261-8877-5 
035 |a (DE-627)1965081908 
035 |a (DE-599)KEP123720303 
035 |a (EbpS)4416568 
035 |a (DE-627-1)123720303 
040 |a DE-627  |b ger  |c DE-627  |e rda 
041 |a eng 
044 |c XA-GB 
050 0 |a JZ1237 
082 0 |a 327.071  |2 23 
245 0 0 |a Diplomatic training  |b histories, geographies, politics  |c edited by Ruth Craggs, Jonathan Harris, Fiona McConnell 
264 1 |a Manchester  |b Manchester University Press  |c 2026 
300 |a 1 Online-Ressource (280 pages)  |b illustrations (black and white) 
336 |a Text  |b txt  |2 rdacontent 
336 |a unbewegtes Bild  |b sti  |2 rdacontent 
337 |a Computermedien  |b c  |2 rdamedia 
338 |a Online-Ressource  |b cr  |2 rdacarrier 
490 0 |a Key studies in diplomacy 
520 |a Examining the histories, development and contemporary practices of diplomatic training, this edited collection places training centrally within our understanding of international relations. It offers a globe-spanning, interdisciplinary account of the politics of diplomatic training and appeals to both scholarly and practitioner audiences 
650 0 |a Diplomacy  |x Study and teaching  |x History 
650 0 |a Diplomacy  |x Study and teaching  |x Political aspects 
650 0 |a International relations  |x Study and teaching  |x History 
650 0 |a International relations  |x Study and teaching  |x Political aspects 
650 4 |a Diplomatie - Étude et enseignement - Histoire 
650 4 |a Relations internationales - Étude et enseignement - Histoire 
650 4 |a Diplomatie - Étude et enseignement - Aspect politique 
650 4 |a Relations internationales - Étude et enseignement - Aspect politique 
650 4 |a Diplomacy - Study and teaching 
650 4 |a International relations - Study and teaching - History  |0 (OCoLC)fst00977092 
650 4 |a International relations - Study and teaching 
700 1 |a Craggs, Ruth  |d 1982-  |e herausgeberin  |0 (DE-588)1126606472  |0 (DE-627)881188980  |0 (DE-576)484607049  |4 edt 
700 1 |a Harris, Jonathan  |e herausgeberin  |0 (DE-588)1167359496  |0 (DE-627)1031027092  |0 (DE-576)511119879  |4 edt 
700 1 |a McConnell, Fiona  |e herausgeberin  |0 (DE-588)129238279  |0 (DE-627)707187508  |0 (DE-576)297555804  |4 edt 
776 1 |z 9781526188762 
776 0 8 |i Erscheint auch als  |n Druck-Ausgabe  |z 9781526188762 
856 4 0 |u https://search.ebscohost.com/login.aspx?direct=true&scope=site&db=nlebk&db=nlabk&AN=4416568  |m X:EBSCO  |x Aggregator  |z lizenzpflichtig  |7 1 
912 |a ZDB-4-NLEBK 
912 |a GBV_ILN_11 
912 |a ISIL_DE-1a 
912 |a SYSFLAG_1 
912 |a GBV_KXP 
912 |a GBV_ILN_350 
912 |a ISIL_DE-2795 
912 |a GBV_ILN_350_ 
951 |a BO 
953 |2 045F  |a 327.071 
980 |2 11  |1 01  |x 0001  |b 4933888752  |c 00  |f 5:REMOTE  |d --%%--  |e s  |j --%%--  |h Approval_Politik_bei_GOBI  |k Einzelnutzungslizenz  |y k  |z 12-03-26 
980 |2 350  |1 01  |x 8293  |b 4943133452  |c 00  |f --%%--  |d --%%--  |e a  |j --%%--  |y a  |z 26-03-26 
981 |2 11  |1 01  |x 0001  |r http://erf.sbb.spk-berlin.de/han/1000702200/search.ebscohost.com/login.aspx?direct=true&scope=site&db=nlebk&db=nlabk&AN=4416568 
985 |2 11  |1 01  |x 0001  |a 1 E 52328 
995 |2 11  |1 01  |x 0001  |a Approval_Politik_bei_GOBI 
995 |2 11  |1 01  |x 0001  |a EBSCOhost 
995 |2 11  |1 01  |x 0001  |a ACQ